Übersetzung von "Eine Geschichte aus drei Jahrhunderten" von Robert Musil (Fragen der Übersetzungstechnik)

Elmentve itt :
Bibliográfiai részletek
Szerző: Lengyel Zsuzsanna
További közreműködők: Albert Sándor (Témavezető)
Dokumentumtípus: Szakdolgozat
Megjelent: 1996
Tárgyszavak:
Online Access:http://diploma.bibl.u-szeged.hu/145039
LEADER 00856nta a2200205 i 4500
001 dipl145039
005 20250328131237.0
008 250328s1996 hu om 000 ger d
040 |a SZTE Diploma Repozitórium  |b hun 
041 |a ger 
100 1 |a Lengyel Zsuzsanna 
245 1 0 |a Übersetzung von "Eine Geschichte aus drei Jahrhunderten" von Robert Musil (Fragen der Übersetzungstechnik)  |h [elektronikus dokumentum] /  |c Zsuzsanna Lengyel 
260 |c 1996 
650 4 |a Bölcsészettudományok 
650 4 |a Humanities 
650 4 |a Languages and Literature 
650 4 |a General literature studies 
700 0 1 |a Albert Sándor  |e ths 
856 4 0 |u https://diploma.bibl.u-szeged.hu/id/eprint/145039/1/1996_lengyel_zsuzsanna.pdf  |z Dokumentum-elérés  
856 4 0 |u https://diploma.bibl.u-szeged.hu/id/eprint/145039/2/1996_lengyel_zsuzsanna_biralat.pdf  |z Dokumentum-elérés